000 00891nas a2200289 4500
001 BR2015003361
003 BR-BrBNA
005 20231205125415.0
007 ta
008 230509b bl.|||p| |||| 00| 00por d
040 _aBR-BrBNA
_bpor
_cBiblioteca Nacional de Agricultura
041 _a(En)
072 _aF30
100 1 _aBandhu Das, A.
100 1 _aMohanty, I.C.
100 1 _aMahapatra, D.
100 1 _aMohanty, S.
100 1 _aRay, A.
245 1 _aGenetic variation of Indian potato (Solannum tuberosum L.)genotypes using chromosomal and RAPD markers
650 _aBATATA
650 _aSOLANUM TUBEROSUM.
650 _aCROMOSSOMO
650 _aMARCADOR GENÉTICO
773 0 _tCrop Breeding and Applied Biotechnology (Brazil)
_xISSN 1518-7853
_g(Sept 2010), v. 10(3) p. 238-246
_wBR2015003361
909 _a202311
_bLúcia
_c55
_dLúcia Elande
942 _2AGRIS
_n0
_cANA
999 _c244220
_d244220